000 00653nam a2200241Ia 4500
003 OSt
005 20220924125451.0
006 a|||||r|||| 00| 0
007 ta
008 220923b |||||||| |||| 00| 0 san d
024 _a14218
037 _cTextual
040 _aARTS
_cARTS
_bsan
041 _2san
_asan
082 _aNT2v, 15M2 (P15)
100 _aTripathi Radha Vallabh
_9174468
245 0 _aBhartiya raga vrittam sagar
260 _aSanskrit
_bParishad Sagar Univ
_c1982
300 _a40p.
_ccm.
650 _aARTS
942 _hNT2v, 15M2 (P15)
_cTEXL
_2CC
999 _c422688
_d422688